| 000 | 00940nam a2200277 a 4500 | ||
|---|---|---|---|
| 001 | 43185 | ||
| 003 | BD-RjUL | ||
| 005 | 20211209053647.0 | ||
| 008 | 160620s1991 coua b 001 0 eng | ||
| 020 | _a0813379105 : | ||
| 035 | _a(BD-RjUL)43303 | ||
| 040 |
_aDLC _cDLC _dDLC _dBD-RjUL _beng |
||
| 041 | _aeng | ||
| 082 | 0 | 0 |
_a305.5095491 _223 _bWEC 1991 |
| 100 | 1 |
_aWeiss, Anita M. _9132621 |
|
| 245 | 1 | 0 |
_aCulture, class, and development in Pakistan : _bthe emergence of an industrial bourgeoisie in Punjab / _cAnita M. Weiss. |
| 260 |
_aBoulder : _bWestview Press, _c1991, |
||
| 300 |
_ax, 207 p. : _bill ; _c24 cm. |
||
| 500 | _aindex. | ||
| 650 | 0 |
_aEntrepreneurship _zPakistan. _9132623 |
|
| 650 | 0 |
_aIndustries _zPakistan. _9132624 |
|
| 651 | 0 |
_aPakistan _xEconomic conditions. _9132625 |
|
| 651 | 0 |
_aPakistan _xSocial conditions. _9132626 |
|
| 942 |
_2ddc _cBK |
||
| 999 |
_c43185 _d43185 |
||